00177 a2200085 4500245003300000100001700033650001500050005001700065084000900082 aTHE MERCHANT OF VENICEhText aBERNARD LOTT aliterature20191017172154.0 aNONE